[Event "TCh-HUN 2012-13"]
[Site "Kecskemet HUN"]
[Date "2012.10.07"]
[Round "2"]
[White "Berkes,F"]
[Black "Tesik,C"]
[Result "1-0"]
[WhiteElo "2685"]
[BlackElo "2366"]

1.d4 Nf6 2.c4 e6 3.Nf3 b6 4.g3 Ba6 5.Qc2 Bb4+ 6.Bd2 Be7 7.Bg2 c6 8.Bf4 O-O
9.O-O d5 10.cxd5 cxd5 11.Rc1 Nbd7 12.Nc3 Nh5 13.Bd2 Bb7 14.a4 Rc8 15.Qb3 a6
16.Rc2 Bd6 17.Rac1 Qe7 18.e4 dxe4 19.Nxe4 Rxc2 20.Qxc2 Bb8 21.Bg5 Qb4 22.Bd2 Qe7
23.a5 bxa5 24.Nc5 Nxc5 25.dxc5 Rc8 26.Bxa5 Nf6 27.b4 h6 28.Qd1 Bd5 29.Nd2 Bc7
30.Bxc7 Qxc7 31.Bf1 Bb7 32.Nc4 Rd8 33.Qa4 Rd4 34.Na5 Bc8 35.Qc6 Nd5 36.Qxc7 Nxc7
37.Nc6 Rd7 38.Na7 Rd8 39.Ra1 Kf8 40.Ra5 Bd7 41.c6 Be8 42.Bxa6 Rd1+ 43.Kg2 Rb1
44.b5 f6 45.g4 Bg6 46.Ra4 e5 47.h4 Rb3 48.Bc8 Bf7 49.Bf5 Bd5+ 50.Be4 Bxe4+
51.Rxe4 Nxb5 52.Nxb5 Rxb5 53.Rc4 Rb8 54.h5 Ke7 55.c7 Rc8 56.Kf3 Kd6 57.Ke4 Rxc7
58.Rxc7 Kxc7 59.Kf5 Kd6 60.Kg6 Ke6 61.Kxg7  1-0

[Event "TATA 50th ch-IND National Premier"]
[Site "Kolkata IND"]
[Date "2012.10.07"]
[Round "7.7"]
[White "Rajesh,VA"]
[Black "Kunte,A"]
[Result "0-1"]
[WhiteElo "2395"]
[BlackElo "2518"]

1.d4 Nf6 2.c4 e6 3.Nf3 b6 4.g3 Ba6 5.Qa4 Bb7 6.Bg2 c5 7.dxc5 bxc5 8.O-O Be7
9.Nc3 O-O 10.Rd1 d6 11.Bf4 Qb6 12.Rab1 Bc6 13.Qc2 Rd8 14.Rd2 h6 15.h3 Ne8
16.e4 Nd7 17.Be3 Bf6 18.Ne2 Qc7 19.Ne1 Rab8 20.Nd3 Be7 21.b4 cxb4 22.Nxb4 Ba8
23.Rb3 Qa5 24.Nd3 Nef6 25.Nc3 Rbc8 26.Nb2 a6 27.Nca4 Rb8 28.Nc3 Nc5 29.Rxb8 Rxb8
30.Bf4 Qc7 31.g4 Nfd7 32.Nbd1 Ne5 33.Ne3 Rb4 34.Ne2 Ncd7 35.Nd4 Rb8 36.Nb3 Rc8
37.Qc3 Nf6 38.Qd4 Nfd7 39.Qc3 Nb6 40.Na5 Na4 41.Qb4 Nc5 42.Qc3 Nxe4 43.Bxe4 Bxe4
44.Bxe5 dxe5 45.Nb3 Ba8 46.Kf1 Qb7 47.Qxe5 Qh1+ 48.Ke2 Bf3+ 49.Kd3 Qb1+ 50.Nc2 Bg5
51.Qe1 Rd8+ 52.Kc3 Qxe1 53.Nxe1 Bxd2+ 54.Nxd2 Bb7 55.h4 Kf8 56.Nd3 Ke7 57.Nb3 Kd6
58.Nbc5 Kc7 59.Ne5 Rf8 60.g5 Bc8 61.gxh6 gxh6 62.f4 h5 63.Ne4 f6 64.Nf3 Bb7
65.Nc5 Bxf3 66.Nxe6+ Kd6 67.Nxf8 Be4 68.Kb4 Ke7 69.Ka5 Bd3 70.Ng6+ Bxg6 71.Kxa6 Kd6
72.Kb6 Be8 73.c5+ Kd5 74.Kc7 f5 75.Kd8 Ba4 76.Ke7 Bd1 77.c6 Kxc6 78.Ke6 Bg4  0-1

[Event "3rd Copa Latino-Americana"]
[Site "Cali COL"]
[Date "2012.10.08"]
[Round "8.27"]
[White "Medina,Andres Felipe"]
[Black "Orozco,Lu"]
[Result "1/2-1/2"]
[WhiteElo "1894"]
[BlackElo "2092"]

1.d4 Nf6 2.c4 e6 3.Nf3 b6 4.g3 Ba6 5.b3 Bb4+ 6.Bd2 Be7 7.Bc3 d5 8.Ne5 Nfd7
9.Nxd7 Nxd7 10.Nd2 O-O 11.Bg2 Nf6 12.O-O c6 13.Re1 Rc8 14.e4 Bb7 15.Rc1 c5
16.exd5 exd5 17.dxc5 bxc5 18.Qe2 Re8 19.Bxf6 Bxf6 20.Qxe8+ Qxe8 21.Rxe8+ Rxe8
22.Bxd5 Rd8 23.Ne4 Bxd5 24.cxd5 Bd4 25.Nxc5 Rxd5 26.b4 Kf8 27.Kg2 Ke7 28.Nb3 Bb6
29.a4 Kd6 30.a5 Bc7 31.Rc4 g5 32.Nc5 Re5 33.Ne4+ Kd7 34.Nc5+ Kd6 35.Kf3 Kd5
36.Rc2 Bd6 37.Kg4 Be7 38.Kf3 Bd6 39.Kg4 Be7 40.Kf3 Bd6  1/2-1/2

[Event "TCh-Belgrade Premier 2012"]
[Site "Belgrade SRB"]
[Date "2012.10.09"]
[Round "8.2"]
[White "Stamenkovic,A"]
[Black "Petrovic,Zo1"]
[Result "1/2-1/2"]
[WhiteElo "2298"]
[BlackElo "2226"]

1.d4 Nf6 2.Nf3 e6 3.c4 b6 4.g3 Ba6 5.Qc2 Bb4+ 6.Bd2 Be7 7.Bg2 c6 8.O-O O-O
9.Bf4 Nh5 10.Bd2 Nf6 11.Bf4 Nh5 12.Be3 Nf6 13.Nbd2 d5 14.Ne5 Nfd7 15.Nd3 Nf6
16.Ne5 Nfd7 17.f4 f6 18.Nd3 f5 19.Rfc1 Nf6 20.Ne5 Nfd7 21.Nef3 Nf6 22.Ne5 Nfd7
23.Nxd7 Qxd7 24.Bf2 Bb7 25.Nb3 Na6 26.a3 Rac8 27.Qd3 Nb8 28.Qe3 Rfe8 29.h3 Bd6
30.c5 Bc7 31.Nd2 Qf7 32.b4 Nd7 33.Nf3 Ra8 34.Rab1 b5 35.a4 a6 36.Ra1 Nf6
37.axb5 axb5 38.Rxa8 Bxa8 39.Ra1 Bb7 40.Ra7 Bb8 41.Ne5 Qc7 42.Ra1 Nd7 43.g4 Nxe5
44.fxe5 fxg4 45.hxg4 Qd7 46.Qh3 Bc7 47.Ra7 Bb8 48.Ra3 Bc7 49.Qh5 Ra8 50.Rf3 Qe8
51.Qxe8+ Rxe8 52.g5 Ra8 53.Rh3 Bd8 54.Rg3 g6 55.e4  1/2-1/2

[Event "NIT Nagpur GM Open 2012"]
[Site "Nagpur IND"]
[Date "2012.10.17"]
[Round "3.14"]
[White "Deviatkin,A"]
[Black "Dodeja,P"]
[Result "1-0"]
[WhiteElo "2588"]
[BlackElo "2149"]

1.d4 e6 2.Nf3 Nf6 3.c4 b6 4.g3 Ba6 5.Qa4 Be7 6.Bg2 c6 7.Nc3 O-O 8.Ne5 d5
9.Nxc6 Nxc6 10.Qxa6 Nxd4 11.O-O Rc8 12.cxd5 Nc2 13.Rb1 Nb4 14.Qa4 Nfxd5 15.Nxd5 Nxd5
16.Qxa7 Ra8 17.Qb7 Rxa2 18.Rd1 Bf6 19.e4 Qc7 20.Qxc7 Nxc7 21.Bf4 e5 22.Be3 Ne6
23.Rd6 b5 24.Bf1 Rb8 25.h4 h5 26.Be2 g6 27.Bd1 Rba8 28.Bb3 Ra1 29.Rxa1 Rxa1+
30.Kg2 Rb1 31.Bxe6 fxe6 32.Rd2 Be7 33.Kf3 Kf7 34.Ke2 Ke8 35.Kd3 Bb4 36.Rc2 Kd7
37.Bh6 Rd1+ 38.Ke2 Re1+ 39.Kf3 Rb1 40.Bg7 Bd6 41.Ke2 Ke7 42.Kd2 Bb4+ 43.Kd3 Rd1+
44.Ke2 Re1+ 45.Kf3 Bd6 46.Rc3 Kd7 47.Bh6 Rd1 48.Be3 Rb1 49.Rc2 Bb4 50.Ba7 Bd6
51.Ke2 Ra1 52.Bc5 Bc7 53.Ba3 Bb6 54.Rd2+ Ke8 55.Rd6 Bd4 56.Rxe6+ Kf7 57.Re7+ Kf6
58.Rb7 Rh1 59.Rxb5 Rh2 60.Rb7 Rxf2+ 61.Kd3 Rf3+ 62.Kc4 Rxg3 63.Kd5 g5 64.Be7+ Kg6
65.Bxg5 Rxg5 66.hxg5 h4 67.Rb8 Kxg5 68.b4 h3 69.b5 Kf4 70.b6 h2 71.Rh8 Bxb6
72.Rxh2 Bd4 73.Rh5  1-0

[Event "TCh-SUI National A 2012"]
[Site "Switzerland SUI"]
[Date "2012.10.20"]
[Round "8.4"]
[White "Moor,O"]
[Black "Volke,K"]
[Result "0-1"]
[WhiteElo "2378"]
[BlackElo "2455"]

1.d4 Nf6 2.c4 e6 3.Nf3 b6 4.g3 Ba6 5.b3 c6 6.Bg2 Bb4+ 7.Bd2 Be7 8.Nc3 d5
9.cxd5 cxd5 10.b4 O-O 11.b5 Bb7 12.Ne5 a6 13.a4 Nbd7 14.Nd3 Ne4 15.O-O Ndf6
16.f3 Nxd2 17.Qxd2 Ne8 18.Rfc1 Nd6 19.e3 Rc8 20.Bf1 Nc4 21.Qf2 Ba3 22.Rc2 Bd6
23.Nd1 axb5 24.axb5 Qd7 25.N3b2 Na3 26.Rxc8 Rxc8 27.Bd3 Ra8 28.Nc3 g6 29.Qf1 Qd8
30.Kf2 e5 31.Qd1 Qf6 32.Bf1 exd4 33.exd4 Re8 34.Nca4 Bf8 35.Qd3 Nc4 36.Re1 Rxe1
37.Kxe1 Nxb2 38.Nxb2 Bg7 39.Qe3 Kf8 40.Na4 Qxd4 41.Qxd4 Bxd4 42.f4 Ke7 43.Bd3 Bc8
44.Kd2 Kd6 45.Bf1 Bf5 46.Bd3 Bh3 47.Ke1 h5 48.Ke2 Bg1 49.Ke1 Bd4 50.Ke2 Bg2
51.Kd2 Be4 52.Ke2 Ke6 53.Kd2 Kf5 54.Be2 Bg1 55.Ke1 h4 56.gxh4 d4 57.Bc4 Be3
58.Bxf7 d3 59.Nc3 Bf3 60.Bb3 d2+ 61.Kf1 Bd4 62.Ne2 Bc5 63.Bc2+ Kg4 64.Bd1 Kxh4
65.Bc2 Kh3 66.f5 Kxh2 67.Nc3 gxf5 68.Bxf5 Bd4  0-1

[Event "Danilo Batricevic Mem Balkan GP"]
[Site "Cetinje MNE"]
[Date "2012.10.21"]
[Round "3.7"]
[White "Blagojevic,Dr"]
[Black "Andrejic,V"]
[Result "1/2-1/2"]
[WhiteElo "2526"]
[BlackElo "2195"]

1.d4 Nf6 2.c4 e6 3.Nf3 b6 4.g3 Ba6 5.Qb3 d5 6.cxd5 exd5 7.Nc3 Bb7 8.Bg2 Be7
9.O-O O-O 10.Rd1 Nbd7 11.Ne5 c6 12.Bf4 Nxe5 13.Bxe5 Bd6 14.Bxd6 Qxd6 15.Rac1 Rfe8
16.e3 Re7 17.a3 h5 18.Qb4 Qd7 19.Ne2 h4 20.Nf4 hxg3 21.hxg3 Ne4 22.Bh3 Qe8
23.Nd3 Ng5 24.Bg2 Re6 25.Rc2 Rh6 26.Rdc1 f6 27.Nf4 Ne4 28.g4 g5 29.Nh5 f5
30.f3 Nf6 31.Nxf6+ Rxf6 32.e4 fxe4 33.fxe4 dxe4 34.Re1 Rf4 35.Rce2 c5 36.dxc5 Qf7
37.cxb6  1/2-1/2

[Event "Danilo Batricevic Mem Balkan GP"]
[Site "Cetinje MNE"]
[Date "2012.10.23"]
[Round "5.7"]
[White "Blagojevic,Dr"]
[Black "Draskovic,L"]
[Result "1-0"]
[WhiteElo "2526"]
[BlackElo "2330"]

1.d4 Nf6 2.c4 e6 3.Nf3 b6 4.g3 Ba6 5.Qb3 Nc6 6.Nbd2 Na5 7.Qa4 c5 8.Bg2 Bb7
9.dxc5 bxc5 10.O-O Be7 11.Ne5 Bxg2 12.Kxg2 O-O 13.Ndf3 Qc7 14.Rd1 d6 15.Bd2 Nb7
16.Nc6 Rfc8 17.Nxe7+ Qxe7 18.Bg5 Qd7 19.Qc2 Ne8 20.Bd2 h6 21.Bc3 Qe7 22.Rd2 Nd8
23.Rad1 Nc6 24.Qe4 Rab8 25.Qg4 f6 26.Qe4 Qf7 27.Ne1 f5 28.Qf3 e5 29.Qd3 Nd4
30.e3 Ne6 31.f4 e4 32.Qf1 Rb6 33.Kh1 Kh7 34.Qh3 g6 35.g4 fxg4 36.Qxg4 Rcc6
37.Qg2 N8g7 38.Qxe4 Nf5 39.Nc2 Rc8 40.Rg2 Re8 41.Qd5 Qe7 42.Rdg1 Nh4 43.Rg4 Nc7
44.Qd3 d5 45.cxd5 Rd6 46.e4 h5 47.Rxh4 Qxh4 48.Be5 Rd7 49.Ne1 Ne6 50.Nf3 Qe7
51.f5 Nf8 52.d6 Qd8 53.Ng5+  1-0

[Event "13th Liberec Open 2012"]
[Site "Liberec CZE"]
[Date "2012.10.23"]
[Round "5"]
[White "Smolik,Boris"]
[Black "Kozak,Mi"]
[Result "1/2-1/2"]
[WhiteElo "1981"]
[BlackElo "2153"]

1.d4 Nf6 2.c4 e6 3.Nf3 b6 4.g3 Ba6 5.Qa4 Bb7 6.Bg2 c5 7.O-O cxd4 8.Nxd4 Bxg2
9.Kxg2 Qc8 10.Nc3 Be7 11.Bf4 Qb7+ 12.f3 a6 13.e4 Nc6 14.Rfd1 O-O 15.Nxc6 dxc6
16.Bd6 b5 17.cxb5 cxb5 18.Qb4 Bxd6 19.Rxd6 Rfd8 20.Rad1 Qc7 21.Qd4 Rxd6 22.Qxd6 Qxd6
23.Rxd6 Kf8 24.e5 Ke7 25.Rc6 Kd7 26.Rd6+  1/2-1/2

[Event "e2e4 Basingstoke Int Open"]
[Site "Basingstoke ENG"]
[Date "2012.10.28"]
[Round "3.1"]
[White "Hawkins,Jo"]
[Black "Cobb,J"]
[Result "1/2-1/2"]
[WhiteElo "2511"]
[BlackElo "2423"]

1.d4 e6 2.c4 Nf6 3.Nf3 b6 4.g3 Ba6 5.Qa4 Be7 6.Bg2 O-O 7.Nc3 Bb7 8.O-O Ne4
9.Nxe4 Bxe4 10.Ne1 Bxg2 11.Nxg2 Bf6 12.Rd1 d6 13.e4 Qe8 14.Qxe8 Rxe8 15.f4 Nc6
16.Be3 e5 17.fxe5 dxe5 18.d5 Na5 19.Rac1 c5 20.b4 cxb4 21.c5 bxc5 22.Rxc5 Bd8
23.Rb5 Nc4 24.Rxb4 Nd6 25.Bc5 a5 26.Ra4 Nb5 27.Rc4 Rc8 28.Ne3 Bg5 29.Nf5 g6
30.d6 Red8 31.d7 Rc7 32.Be7 gxf5 33.Bxg5 Rdxd7 34.Rxd7 Rxd7 35.exf5 Nd6 36.Rc6 Kg7
37.g4 f6 38.Be3 h5 39.h3 hxg4 40.hxg4 Nb5 41.a4 Rd3 42.Bh6+ Kxh6 43.Rxf6+ Kh7
44.axb5 Rg3+ 45.Kf2 Rxg4 46.Ke3 Rb4 47.b6 a4 48.Rf7+ Kh6 49.Re7 Kg5 50.Rxe5 Rxb6
51.Re6 Rxe6+ 52.fxe6 Kf6 53.e7 Kxe7 54.Kd4 a3 55.Kc3 a2 56.Kb2 a1=Q+ 57.Kxa1  1/2-1/2

[Event "16th OIBM 2012"]
[Site "Bad Wiessee GER"]
[Date "2012.10.30"]
[Round "4.17"]
[White "Stoffel,M"]
[Black "Parligras,M"]
[Result "0-1"]
[WhiteElo "2064"]
[BlackElo "2633"]

1.d4 Nf6 2.Nf3 e6 3.c4 b6 4.g3 Ba6 5.Qa4 Bb7 6.Bg2 c5 7.dxc5 bxc5 8.Nc3 Be7
9.O-O O-O 10.Rd1 Qb6 11.Bf4 Rd8 12.Qc2 d6 13.e4 Nc6 14.Qe2 Nd4 15.Nxd4 cxd4
16.Nb5 e5 17.c5 d3  0-1

[Event "22nd Caen Alekhine Open A"]
[Site "Caen FRA"]
[Date "2012.11.03"]
[Round "4.9"]
[White "Laplanche,D"]
[Black "Rousseau,L"]
[Result "1/2-1/2"]
[WhiteElo "2176"]
[BlackElo "1980"]

1.d4 Nf6 2.c4 e6 3.Nf3 b6 4.g3 Ba6 5.Qc2 Bb7 6.Bg2 c5 7.dxc5 Bxc5 8.Nc3 Nc6
9.O-O d6 10.a3 a5 11.b3 O-O 12.Bb2 Qe7 13.Rad1 Rfd8 14.e3 h6 15.Nd4 Bxd4
16.exd4 Na7 17.d5 e5 18.f4 Nd7 19.Rde1 Nf8 20.fxe5 dxe5 21.Na4 b5 22.Rxe5 Qc7
23.Qc3 f6 24.d6 Rxd6 25.Rc5 Qd7 26.Bxb7 Qxb7 27.cxb5 Ne6 28.Qc4 Kh8 29.Rh5 Rd2
30.Rf2 Rd1+ 31.Rf1 Rd2  1/2-1/2

[Event "TCh-NOR Eliteserien 2012-13"]
[Site "Haraldsheim NOR"]
[Date "2012.11.03"]
[Round "2"]
[White "Houska,Jo"]
[Black "Ostenstad,B"]
[Result "1-0"]
[WhiteElo "2400"]
[BlackElo "2483"]

1.d4 Nf6 2.Nf3 e6 3.c4 b6 4.g3 Ba6 5.b3 Bb4+ 6.Bd2 Be7 7.Bg2 c6 8.Qc2 d5
9.O-O Nbd7 10.Rd1 O-O 11.Bf4 Rc8 12.Nc3 Nh5 13.Bd2 f5 14.a4 Kh8 15.Qd3 Qe8
16.a5 b5 17.cxb5 cxb5 18.Na2 Nhf6 19.Nb4 Bxb4 20.Bxb4 Rg8 21.Rdc1 Ne4 22.Qe3 Nb8
23.Ne5 Nc6 24.Nxc6 Rxc6 25.Bxe4 fxe4 26.Qf4 Bb7 27.a6 Bxa6 28.Rxc6 Qxc6 29.Qd6 Bb7
30.Rxa7 Qxd6 31.Bxd6 Bc8 32.Be5 b4 33.f3 exf3 34.exf3 h6 35.h4 h5 36.g4 Kh7
37.Kg2 Kh6 38.Kg3 g5 39.hxg5+ Kxg5 40.f4+ Kg6 41.g5 Kf5 42.Kf3 Kg6 43.Kg3 Kf5
44.Kh4  1-0

[Event "24th Leuven Open"]
[Site "Leuven BEL"]
[Date "2012.11.04"]
[Round "3.4"]
[White "Le Quang Long"]
[Black "Tonoli,B"]
[Result "1-0"]
[WhiteElo "2366"]
[BlackElo "2163"]

1.d4 Nf6 2.c4 e6 3.Nf3 b6 4.g3 Ba6 5.b3 Bb7 6.Bg2 Bb4+ 7.Bd2 c5 8.O-O O-O
9.Bxb4 cxb4 10.a3 Na6 11.axb4 Nxb4 12.Nc3 Qe7 13.Qb1 d5 14.Ne5 Rfd8 15.Rd1 Nc6
16.cxd5 Nxd5 17.Nxd5 exd5 18.Qf5 Na5 19.b4 Nc4 20.b5 Nd6 21.Qd3 Qe8 22.Rdb1 f6
23.Ng4 Nc4 24.Rb4 Qe6 25.Ne3 a5 26.bxa6 Rxa6 27.Rc1 Ra3 28.Rb3 Rxb3 29.Qxb3 Nxe3
30.Qxe3 Qxe3 31.fxe3 Rd7 32.Bh3 Re7 33.Kf2 Ba6 34.Rc6 Bc4 35.Be6+ Kf8 36.Rxb6 Ra7
37.e4 Ra2 38.Bxd5 Rxe2+ 39.Kf3 Rc2 40.Rb8+ Ke7 41.Rb7+ Kd6 42.Bxc4 Rxc4 43.Rxg7 Rxd4
44.Rxh7 Rd1 45.h4 Ke6 46.Ra7 Rf1+ 47.Ke2 Rg1 48.Kf2 Rh1 49.Ra5 Rh2+ 50.Kf3 Rh1
51.h5 Rh2 52.g4 Rh3+ 53.Kf4 Rh1 54.Rf5 Rf1+ 55.Kg3 Rg1+ 56.Kf3 Rf1+ 57.Kg2 Re1
58.h6 Rxe4 59.Kf3 Ra4 60.h7 Ra8 61.Rh5 Rh8 62.Kf4 Kf7 63.Kf5 Kg7 64.Rh3  1-0

[Event "Subzonal 2.3 2012"]
[Site "Pamplona COL"]
[Date "2012.11.07"]
[Round "6.3"]
[White "Mosquera,M"]
[Black "Sanchez L,S"]
[Result "1/2-1/2"]
[WhiteElo "2375"]
[BlackElo "2282"]

1.d4 Nf6 2.Nf3 e6 3.c4 b6 4.g3 Ba6 5.Qa4 c5 6.Bg2 Bb7 7.dxc5 Bxc5 8.Nc3 Be7
9.O-O Na6 10.Rd1 O-O 11.Bf4 Qc8 12.Rac1 Nc5 13.Qc2 Nce4 14.Nxe4 Bxe4 15.Qd2 Qb7
16.Bd6 Bxd6 17.Qxd6 Rac8 18.b3 Rc6 19.Qa3 Rfc8 20.Bf1 Bxf3 21.exf3 d5 22.cxd5 Rxc1
23.Rxc1 Rxc1 24.Qxc1  1/2-1/2

[Event "WY BU18 2012"]
[Site "Maribor SLO"]
[Date "2012.11.08"]
[Round "1.49"]
[White "Gregory,Sam"]
[Black "Lindgren,P"]
[Result "0-1"]
[WhiteElo "1771"]
[BlackElo "2269"]

1.d4 Nf6 2.c4 e6 3.Nf3 b6 4.g3 Ba6 5.Qc2 Bb7 6.Bg2 c5 7.O-O cxd4 8.Nxd4 Bxg2
9.Kxg2 Qc7 10.Nd2 a6 11.b3 Be7 12.Bb2 O-O 13.Rac1 d6 14.Rfd1 Nbd7 15.Kg1 Rfc8
16.Ne4 b5 17.Qb1 Qb7 18.Nxf6+ Bxf6 19.cxb5 axb5 20.Nf3 d5 21.Rxc8+ Qxc8 22.Rc1 Qa6
23.Bxf6 Nxf6 24.Nd4 g6 25.Qd3 Qxa2 26.Nxb5 Qb2 27.Rb1 Qe5 28.Nd4 Ra2 29.b4 Ne4
30.Rd1 Qc7 31.b5 Qc5 32.Qb3 Rxe2 33.Nxe2 Qxf2+ 34.Kh1 Qxe2 35.Ra1 Nf2+ 36.Kg1 Nh3+  0-1

[Event "WY BU18 2012"]
[Site "Maribor SLO"]
[Date "2012.11.10"]
[Round "3"]
[White "Bluebaum,M"]
[Black "Makhmutov,R"]
[Result "1-0"]
[WhiteElo "2438"]
[BlackElo "2354"]

1.d4 Nf6 2.c4 e6 3.Nf3 b6 4.g3 Ba6 5.b3 Bb7 6.Bg2 Bb4+ 7.Bd2 a5 8.O-O O-O
9.Qc2 Qc8 10.Bc3 Be4 11.Qb2 d6 12.a3 Bxc3 13.Nxc3 Bb7 14.Qc2 d5 15.cxd5 exd5
16.Rac1 Na6 17.Ne5 Qe6 18.Nd3 Qe7 19.Qb2 c6 20.Na4 Nd7 21.Rfe1 f5 22.b4 axb4
23.axb4 Nc7 24.b5 Nxb5 25.Bxd5+ Kh8 26.Bxc6 Bxc6 27.Rxc6 Rxa4 28.Qxb5 Rxd4
29.Nf4 Qb4 30.Qxb4 Rxb4 31.Rc7 Nf6 32.Ra1 Rg8 33.Raa7 Rb5 34.Rf7 Re5 35.h4 Ree8
36.Rab7 Ref8 37.Rxf8 Rxf8 38.Rxb6 Kg8 39.Kg2 g6 40.h5 Nxh5 41.Nxh5 gxh5 42.Rb7 Rf7
43.Rxf7 Kxf7 44.Kf3 Ke6 45.Kf4 Kf6 46.f3 h6 47.e4 fxe4 48.fxe4 Ke6 49.e5 Ke7
50.Kf5 Kf7 51.e6+ Ke7 52.Ke5 Ke8 53.Kf6 Kf8 54.e7+ Ke8 55.Ke6  1-0

[Event "38th ch-BAN 2012"]
[Site "Dhaka BAN"]
[Date "2012.11.12"]
[Round "5.2"]
[White "Rahman,Tai"]
[Black "Kabir,Md S"]
[Result "1-0"]
[WhiteElo "2340"]
[BlackElo "2089"]

1.d4 Nf6 2.c4 e6 3.Nf3 b6 4.g3 Ba6 5.Qa4 c5 6.Bg2 Bb7 7.dxc5 Bxc5 8.O-O O-O
9.Rd1 Be7 10.Nc3 Na6 11.Bf4 Nc5 12.Qc2 a6 13.Rd4 d5 14.Ne5 Qc8 15.cxd5 exd5
16.Qd2 Ne6 17.Bh3 Bc5 18.Rd3 Qe8 19.Ng4 Ne4 20.Nxe4 dxe4 21.Rb3 Rd8 22.Qc1 Bd5
23.Rc3 Nd4 24.Bf1 Qe6 25.Ne3 Bb7 26.Ng2 Qg4 27.Qe1 Bb4 28.Ne3 Qe6 29.h4 h6
30.Qc1 Bxc3 31.bxc3 Rc8 32.Qb2 Nb5 33.c4 Na7 34.Kh2 Rcd8 35.Bh3 Qc6 36.Nf5 Qf6
37.Be5 Rd2 38.Bxf6 Rxb2 39.Bxb2 Rd8 40.Bxg7 Rd2 41.Bg4 e3 42.Bxh6 Be4 43.Bxe3 Rb2
44.Nd6 Rb1 45.Rxb1 Bxb1  1-0

[Event "WY BU14 2012"]
[Site "Maribor SLO"]
[Date "2012.11.12"]
[Round "6.24"]
[White "Petrovskis,Olegs"]
[Black "Blahynka,M"]
[Result "1-0"]
[WhiteElo "1946"]
[BlackElo "2153"]

1.d4 Nf6 2.c4 e6 3.Nf3 b6 4.g3 Ba6 5.Qc2 Bb7 6.Bg2 Bb4+ 7.Nbd2 Be4 8.Qb3 Bxd2+
9.Bxd2 O-O 10.O-O d6 11.Qc3 a5 12.Bg5 Nbd7 13.Rad1 Qc8 14.Nd2 Bxg2 15.Kxg2 Qb7+
16.f3 d5 17.Rc1 c6 18.Rfe1 h6 19.Bxf6 Nxf6 20.e4 Rac8 21.Qe3 dxe4 22.fxe4 Rcd8
23.Kg1 e5 24.d5 Rfe8 25.Rf1 Rd6 26.Rf5 g6 27.Rf3 Kg7 28.Rcf1 Rf8 29.c5 Ng4
30.Qb3 Rf6 31.h3 Qe7 32.d6 Qd7 33.hxg4 Rxf3 34.Qxf3  1-0

[Event "WY BU16 2012"]
[Site "Maribor SLO"]
[Date "2012.11.12"]
[Round "6.28"]
[White "Papasimakopoulos,Alexandros"]
[Black "Benidze,G"]
[Result "1-0"]
[WhiteElo "2156"]
[BlackElo "1965"]

1.d4 Nf6 2.c4 e6 3.Nf3 b6 4.g3 Ba6 5.b3 Bb4+ 6.Bd2 Be7 7.Bg2 c6 8.Bc3 d5
9.Nbd2 Nbd7 10.O-O Rc8 11.Re1 c5 12.e4 dxe4 13.Nxe4 Nxe4 14.Rxe4 Bb7 15.d5 exd5
16.Rxe7+ Qxe7 17.Bxg7 Rg8 18.Qd3 Nf8 19.cxd5 Rxg7 20.Re1 Ne6 21.dxe6 fxe6
22.Nh4 Kf8 23.Bxb7 Qxb7 24.Rxe6 Rd7 25.Qf5+ Kg8 26.Qg5+ Rg7 27.Qe5 Qb8 28.Qd5 Kh8
29.Nf5 Rg5 30.h4 Rd8 31.Qf3 Rxf5 32.Qxf5 Rf8 33.Qg5 Qd8 34.Qe5+ Kg8 35.Qe2 Qd4
36.h5 b5 37.h6 c4 38.Re8 Qa1+ 39.Kg2 Qf6 40.Qg4+ Kh8 41.Qd4  1-0

[Event "WY BU18 2012"]
[Site "Maribor SLO"]
[Date "2012.11.14"]
[Round "7.6"]
[White "Andersen,Mad"]
[Black "Narayanan,Sri"]
[Result "0-1"]
[WhiteElo "2482"]
[BlackElo "2438"]

1.d4 Nf6 2.c4 e6 3.Nf3 b6 4.g3 Ba6 5.Nbd2 Bb4 6.Qa4 c5 7.a3 Bxd2+ 8.Bxd2 Bb7
9.dxc5 Ne4 10.Be3 bxc5 11.Bg2 Bc6 12.Qc2 Qa5+ 13.Nd2 Nxd2 14.Bxd2 Qa6 15.f3 d6
16.O-O Nd7 17.b4 Ba4 18.Qe4 O-O 19.b5 Qb6 20.Bc3 a6 21.f4 g6 22.Qe3 Rae8
23.Bc6 d5 24.Qd2 Qa7 25.f5 d4 26.Ba5 axb5 27.cxb5 exf5 28.b6 Qa6 29.Bxa4 Rxe2
30.Qd1 Ne5 31.Rb1 d3 32.b7 Qd6 33.Rf2 Qd4 34.Qf1 Ng4 35.Be1 Rb8 36.Bc6 Ne3
37.Qh3 Rxe1+ 38.Rxe1 d2 39.Rxd2 Qxd2 40.Rb1 Qc2 41.Re1 Qd2 42.Rb1 h5 43.Bf3 c4
44.Qh4 Ng4 45.Bxg4 Qe3+ 46.Kg2 hxg4 47.Rb4 c3 48.Rc4 Qe2+  0-1

[Event "WY BU18 2012"]
[Site "Maribor SLO"]
[Date "2012.11.14"]
[Round "7.32"]
[White "Drnovsek,G"]
[Black "Guseynov,A"]
[Result "1/2-1/2"]
[WhiteElo "2236"]
[BlackElo "2139"]

1.d4 Nf6 2.c4 e6 3.Nf3 b6 4.g3 Ba6 5.b3 Bb4+ 6.Bd2 Be7 7.Bg2 c6 8.Bc3 O-O
9.Nbd2 d5 10.O-O Nbd7 11.Re1 Bb7 12.Ne5 Nxe5 13.dxe5 Nd7 14.e4 Nc5 15.exd5 cxd5
16.Bd4 Rb8 17.Qg4 dxc4 18.Bxc5 Bxc5 19.Nxc4 Bxg2 20.Kxg2 Qe7 21.Rad1 Rbd8
22.Qf4 f6 23.f3 b5 24.Nb2 f5 25.Qc1 Rc8 26.Qb1 Rfd8 27.Re2 Bb6 28.Red2 Rxd2+
29.Rxd2 Rd8 30.Qd1 Rxd2+ 31.Qxd2 Qd8 32.Qe2 Qd4 33.Nd3 Kf7 34.Nf4 g5 35.Nh3 h6
36.Nf2 Qxf2+ 37.Qxf2 Bxf2 38.Kxf2 Ke7 39.Ke3 Kd7 40.Kd4 Kc6 41.h3 a6 42.a3 Kb6
43.b4 Kc6 44.h4 Kb6 45.hxg5 hxg5 46.Kd3  1/2-1/2

[Event "WY GU16 2012"]
[Site "Maribor SLO"]
[Date "2012.11.15"]
[Round "8.14"]
[White "Rodriguez Rueda,P"]
[Black "Tomin,Ks"]
[Result "1-0"]
[WhiteElo "2220"]
[BlackElo "1951"]

1.d4 Nf6 2.c4 e6 3.Nf3 b6 4.g3 Ba6 5.b3 Bb4+ 6.Bd2 Be7 7.Bg2 c6 8.Bc3 d5
9.Ne5 Nfd7 10.Nxd7 Nxd7 11.Nd2 f5 12.O-O O-O 13.Rc1 Rc8 14.Bb2 Nf6 15.Nf3 Qe8
16.Ne5 Bd6 17.Nd3 Nd7 18.Qd2 Qf7 19.Rfd1 Rfd8 20.e3 h6 21.Qc3 Qf8 22.Nf4 Qf6
23.c5 Bb8 24.Qd2 bxc5 25.dxc5 Qe7 26.Qa5 Bb7 27.Nd3 e5 28.b4 Kh7 29.Qa3 e4
30.Nf4 Be5 31.Bd4 Bb8 32.Ne2 Rf8 33.Nc3 Ne5 34.Bxe5 Bxe5 35.Ne2 Ra8 36.Nd4 Qf6
37.Bf1 a6 38.Qb3 g5 39.Bh3 Bc8 40.Qa4 f4 41.Bxc8 Raxc8 42.Qc2 f3 43.Qa4 Bxd4
44.Rxd4 Qe6 45.Qd1 h5 46.Kh1 h4 47.Qg1 Rf6 48.g4 h3 49.Qg3 Rh6 50.Rg1 Qe7
51.a3 Re8 52.Rgd1 Qd7 53.a4 Qe7 54.b5 axb5 55.axb5 Qxc5 56.bxc6 Qxc6 57.Rxd5 Qf6
58.Rd6 Re6 59.Rxe6 Qxe6 60.Qc7+  1-0

[Event "WY BU14 2012"]
[Site "Maribor SLO"]
[Date "2012.11.15"]
[Round "8.54"]
[White "Oner,Oguz"]
[Black "Skuhala,Jernej"]
[Result "1/2-1/2"]
[WhiteElo "1778"]
[BlackElo "1922"]

1.d4 Nf6 2.c4 e6 3.Nf3 b6 4.g3 Ba6 5.b3 Bb4+ 6.Bd2 Be7 7.Bg2 d5 8.Ne5 O-O
9.Bc3 c6 10.O-O Qc7 11.Nd2 Nbd7 12.Nxd7 Qxd7 13.e4 dxe4 14.Nxe4 Rac8 15.Qc2 b5
16.Bb2 bxc4 17.bxc4 Rb8 18.Rab1 Rb4 19.Nd2 Rd8 20.Bc3 Rxb1 21.Rxb1 c5 22.dxc5 Bxc5
23.Nb3 Bb6 24.Qb2 Bxc4 25.Nd2 Ba6 26.Bxf6 gxf6 27.Ne4 Qd4 28.Nxf6+ Kg7 29.Qxd4 Rxd4
30.Ne4 Ra4 31.Nc3 Rc4 32.Rb3 Rd4 33.Rb2 Rd3 34.Bf1 Rxc3 35.Bxa6 Bd4 36.Rd2 e5
37.Kf1 h6 38.Bd3 Kf6 39.h4 Ke6 40.Ke2 Rc1 41.Rc2 Rxc2+ 42.Bxc2 f6  1/2-1/2

[Event "22nd World Seniors Open"]
[Site "Kamena Vourla GRE"]
[Date "2012.11.16"]
[Round "4.19"]
[White "Beltz,Robert"]
[Black "Hohler,P"]
[Result "1/2-1/2"]
[WhiteElo "2105"]
[BlackElo "2218"]

1.Nf3 Nf6 2.c4 e6 3.d4 b6 4.g3 Ba6 5.Nbd2 c5 6.Bg2 Bb7 7.dxc5 Bxc5 8.O-O O-O
9.a3 a5 10.Nb3 Be7 11.Nbd4 d5 12.cxd5 Bxd5 13.Bf4 Nbd7 14.Nb5 Rc8 15.Nc3 Ba8
16.Rc1 Nc5 17.Ne5 Bxg2 18.Kxg2 Ncd7 19.Qa4 Nxe5 20.Bxe5 Rc5 21.Bxf6 Bxf6
22.Rfd1 Qa8+ 23.Qe4 Bxc3 24.Qxa8 Rxa8 25.Rxc3 Rxc3 26.bxc3 Kf8 27.Rb1 Rc8
28.Rb3 Ke7 29.Kf1 a4 30.Rxb6 Rxc3 31.Rb7+ Kf6 32.h4 Rxa3 33.Kg2 Ra2 34.Ra7 a3
35.Ra6 Rb2 36.Rxa3 Rxe2 37.Ra7 Rb2 38.Kf3 Rb3+ 39.Ke2 Rb6 40.Ke3 Rd6 41.Rb7 Kg6
42.h5+ Kxh5 43.Rxf7 Kg6 44.Rf4 h5 45.Rf8 Ra6 46.Rf4 Ra3+ 47.Ke2 Ra7 48.Rh4 Kh6
49.Re4 Ra6 50.Re5 g5 51.Re4 Kg6 52.Rb4 Kf5 53.Rc4 e5 54.Rb4 e4 55.Rc4 h4
56.gxh4 gxh4 57.f3 h3 58.fxe4+ Kf4 59.Kf2 Rg6 60.e5+  1/2-1/2

[Event "WY BU16 2012"]
[Site "Maribor SLO"]
[Date "2012.11.16"]
[Round "9.32"]
[White "Dolnak,Michal"]
[Black "Hackner,Oskar A"]
[Result "1-0"]
[WhiteElo "2115"]
[BlackElo "1985"]

1.d4 Nf6 2.c4 e6 3.Nf3 b6 4.g3 Ba6 5.b3 Bb4+ 6.Bd2 Be7 7.Nc3 Bb7 8.Qc2 c5
9.dxc5 Bxf3 10.exf3 bxc5 11.Bg2 Nc6 12.O-O O-O 13.f4 Qb6 14.Rad1 Rfd8 15.Rfe1 Rac8
16.Be3 g6 17.h3 Bf8 18.Rd2 d6 19.Red1 Ne8 20.Na4 Qa5 21.Qc3 Qxc3 22.Nxc3 Nb8
23.Nb5 a6 24.Nc3 Rd7 25.Na4 Rdc7 26.Rd3 Nc6 27.Nc3 f5 28.Na4 Rb8 29.Bxc6 Rxc6
30.Bd2 Kf7 31.Bc3 Nf6 32.Kf1 Ne4 33.Ba1 Be7 34.Nc3 Nf6 35.f3 h6 36.Re3 Re8
37.Red3 Rd8 38.Kf2 Rc7 39.Na4 Rcd7 40.Bxf6 Kxf6 41.Nxc5 Rc7 42.Na4 Rdc8 43.R1d2 g5
44.fxg5+ hxg5 45.Re2 Bf8 46.Rde3 Re7 47.Kg2 a5 48.Nc3 Kf7 49.g4 Kf6 50.gxf5 Kxf5
51.Nb5 Ree8 52.Nd4+ Kf6 53.Rxe6+ Rxe6 54.Rxe6+ Kf7 55.Re2 Bg7 56.Nf5 Bf8
57.Ng3 a4 58.Ne4 Be7 59.Kg3 axb3 60.axb3 Rb8 61.Re3 Rh8 62.Rd3 Ke6 63.b4 Rc8
64.Rc3 Kf5 65.b5 Rb8 66.Rd3 Rc8 67.Rxd6 Rxc4 68.Rc6 Rb4 69.b6 Bd8 70.b7 Be7
71.Rc7 Ke6 72.Kg4 Rb5 73.Kh5 Rb3 74.Kg6 Rb5 75.Kh6 Bf8+ 76.Kh7 Be7 77.Kg6 Rb3
78.Nxg5+ Kd6 79.Rc2 Rxb7 80.f4 Kd7 81.h4 Rb4 82.Rf2 Bd6 83.Kf5 Rb5+ 84.Kg6 Ke7
85.h5 Kf8 86.h6 Be7 87.Ra2 Rb8 88.Ra7 Re8 89.Kh5 Kg8 90.Kg6 Bxg5 91.Kxg5 Rf8
92.f5 Kh8 93.Kg6 Kg8 94.f6 Kh8 95.Rh7+ Kg8 96.f7+ Rxf7 97.Rxf7  1-0